|
|
|
|
| LEADER |
00000nam a2200000 i 4500 |
| 001 |
1/99331 |
| 008 |
000127s1995 eng d |
| 020 |
|
|
|a 0-275-95177-4
|
| 035 |
|
|
|l 10056842
|
| 040 |
|
|
|a GR-MY-UA
|b gre
|e aacr
|
| 041 |
0 |
|
|a eng
|
| 082 |
0 |
|
|a 304.28
|
| 100 |
1 |
|
|a Weigel, Van B.
|d 1954-
|
| 245 |
1 |
0 |
|a Earth cancer /
|c Van B. Weigel
|
| 260 |
|
|
|a Westport, Connecticut :
|b Praeger,
|c c1995
|
| 300 |
|
|
|a 174 p.
|
| 504 |
|
|
|a Includes bibliographical references and index
|
| 650 |
0 |
0 |
|a Environmental ethics.
|
| 650 |
0 |
0 |
|a Nature
|x Effect of human beings on.
|
| 650 |
0 |
0 |
|a Human ecology.
|
| 852 |
|
|
|a INST
|b LESVOS
|e 20000301
|h 304.28 WEI
|p 005100020878
|q 005100020878
|t BK
|y 0
|
| 852 |
|
|
|a INST
|b LESVOS
|e 20000127
|h 304.28 WEI
|p 005100021955
|q 005100021955
|t BK
|y 0
|
| 901 |
|
|
|a BIBL1-2000-1
|
| 909 |
|
|
|a Λ
|b 070301
|
| 909 |
|
|
|a Λ
|b 073425
|
| 922 |
|
|
|a 1ΕΛΗ
|b 199911
|c ΚΠΣ/ΤΓ
|d LEADER
|
| 922 |
|
|
|a 1ΕΛΗ
|b 199912
|c ΚΠΣ/ΤΚ
|d GLORY
|
| 950 |
|
|
|a 118-1999-09-03
|
| 950 |
|
|
|a 103-1999-12-8
|
| 970 |
|
|
|a ΤΖΑΦΕΡΗ
|b ΕΥΑΓΓΕΛΙΑ
|z 2000/02/03
|